[Event "Gudmundur Arason op 4th"]
[Site "Hafnarfjordur"]
[Date "1998.12.22"]
[Round "9"]
[White "Raetsky, Alexander"]
[Black "Sammalvuo, Tapani"]
[Result "1-0"]
[WhiteElo "2440"]
[BlackElo "2410"]

1.d4 Nf6 2.c4 e6 3.g3 d5 4.Nf3 Be7 5.Bg2 O-O 6.O-O dxc4 7.Ne5 Nc6 8.Nxc6 bxc6
9.Na3 Bxa3 10.bxa3 Ba6 11.Bxc6 Rb8 12.Qa4 Rb6 13.Bf3 Nd5 14.Qa5 Qf6 15.a4 Bb7
16.Ba3 Rb8 17.Bc5 Rb2 18.Rab1 c3 19.Rxb2 cxb2 20.Rb1 Qg5 21.Ba3 Bc6 22.Qc5 Bxa4
23.e4 Nf4 24.Rxb2 Re8 25.Rb4 Bd7 26.Qxc7 Nh3+ 27.Kg2 Bb5 28.Bc1 Bf1+ 29.Kxf1 Qf6
30.Rb8 Rf8 31.Ba3 h5 32.Rxf8+ Kh7 33.Kg2 Ng5 34.Qf4 Qg6 35.Bc1 f6 36.h4 Nf7
37.e5 f5 38.Rxf7 Qxf7 39.Qg5 g6 40.Qf6  1-0

[Event "Rilton Cup 9899"]
[Site "Stockholm"]
[Date "1998.12.28"]
[Round "1"]
[White "Akesson, Ralf"]
[Black "Meijere, Agnese"]
[Result "1-0"]
[WhiteElo "2510"]
[BlackElo "2175"]

1.Nf3 d5 2.d4 Nf6 3.c4 e6 4.g3 Be7 5.Bg2 O-O 6.O-O b6 7.cxd5 exd5 8.Nc3 Bb7
9.Ne5 Nbd7 10.Qa4 Nb8 11.Bf4 c6 12.Rfd1 Nfd7 13.e4 Nxe5 14.Bxe5 dxe4 15.Bxe4 b5
16.Qc2 h6 17.Nxb5 a6 18.Nc7 Ra7 19.d5 cxd5 20.Nxd5 Bxd5 21.Rxd5 Qc8 22.Qd2 Nc6
23.Rc1 Qe6 24.Bxg7 Kxg7 25.Rxc6 Qxc6 26.Qd4+ Bf6 27.Qxa7 Qc1+ 28.Kg2 Re8
29.Bf3 Qxb2 30.Rd7 Kg6 31.Qxa6 Qe5 32.Qc4 Re7 33.Rd5 Qe1 34.a4 Ra7 35.a5 Rxa5
36.Qe4+  1-0

[Event "Groningen op"]
[Site "Groningen"]
[Date "1998.12.29"]
[Round "9"]
[White "Ernst, Sipke"]
[Black "Aagaard, Jacob"]
[Result "1/2-1/2"]
[WhiteElo "2420"]
[BlackElo "2420"]

1.Nf3 d5 2.d4 e6 3.c4 Nf6 4.g3 Be7 5.Bg2 O-O 6.O-O c6 7.b3 Nbd7 8.Qc2 b6
9.Rd1 Ba6 10.Nbd2 Rc8 11.e4 c5 12.exd5 exd5 13.Bb2 b5 14.cxd5 Bb7 15.Ng5 h6
16.d6 Bxg2 17.dxe7 Qxe7 18.Kxg2 hxg5 19.Qd3 c4 20.bxc4 bxc4 21.Nxc4 Qb4 22.Rdc1 Rxc4
23.Qxc4 Qxb2 24.Rab1 Qd2 25.Rc2 Qa5 26.Rb5 Qe1 27.Qe2 Qa1  1/2-1/2

[Event "Paulisto-chT "]
[Site "Americana"]
[Date "1998.??.??"]
[Round "3"]
[White "Maia, Luciano M"]
[Black "Limp, Eduardo"]
[Result "1/2-1/2"]
[WhiteElo "2160"]
[BlackElo "2415"]

1.d4 Nf6 2.c4 e6 3.g3 d5 4.Bg2 Be7 5.Nf3 O-O 6.O-O dxc4 7.Qc2 a6 8.Qxc4 b5
9.Qc2 Bb7 10.Bg5 Nbd7 11.Bxf6 Nxf6 12.Nbd2 Rc8 13.Nb3 c5 14.dxc5 Bd5 15.Ne1 Bxg2
16.Nxg2 Nd7 17.Rfd1 Qc7 18.c6 Nb8 19.Rac1 Qxc6 20.Qb1 Qb7 21.Ne1 Rxc1 22.Rxc1 Rc8
23.Nf3 Rxc1+ 24.Qxc1 Qc6 25.Ne5 Qxc1+ 26.Nxc1 Kf8 27.Kg2 Bd6 28.Ned3 Ke7
29.Kf3 Nc6 30.e3 f5 31.Ke2 e5 32.f3 e4 33.fxe4 fxe4 34.Nf2 Be5 35.b3 Bb2
36.Kd1 Nb4 37.a4 bxa4 38.bxa4 Nd5 39.Nb3 Nc3+ 40.Kc2 Nxa4 41.Nxe4 Be5 42.Nec5 Nxc5
43.Nxc5 a5 44.Kd3 Bd6 45.Na4 Ke6 46.Ke4 h5 47.Nc3 g5 48.Na4 g4 49.Nc3 Bb8
50.Ne2 a4 51.Kd3 a3 52.Kc2 Kf5 53.Kb3 Ba7 54.Kxa3 Bxe3 55.Kb3 Ke4 56.Kc2 Kf3
57.Kd3 Bg5 58.Nd4+ Kg2 59.Ke4 Kxh2 60.Kf5 Be3 61.Ne2 Kh3 62.Kg6 h4 63.gxh4 Kxh4
64.Kf5 Kh3 65.Ke4 Bd2 66.Kf5 Be3 67.Ke4 Bb6 68.Kf5 Ba7 69.Ke4 Kg2 70.Kf4 Kh3
71.Kg5 Be3+ 72.Kh5 Bf2 73.Kg5 Bb6 74.Kf4 Bc7+ 75.Kg5 Bd8+ 76.Kh5 Bb6 77.Kg5 Be3+
78.Kh5 Bb6 79.Kg5 Bc5 80.Kf4 Kh4  1/2-1/2

[Event "BEL-chT 9798"]
[Site "Antwerp"]
[Date "1998.??.??"]
[Round "9"]
[White "De Wolf, Johan"]
[Black "Vanderstricht, Geert"]
[Result "1/2-1/2"]
[WhiteElo "2185"]
[BlackElo "2260"]

1.d4 Nf6 2.Nf3 e6 3.c4 d5 4.g3 Be7 5.Bg2 O-O 6.O-O dxc4 7.Qc2 c5 8.dxc5 Qc7
9.Qxc4 Qxc5 10.Qxc5 Bxc5 11.Nc3 Nc6 12.Bg5 Bd7 13.Rac1 Be7 14.Rfd1 Rfd8 15.Nd4 Nxd4
16.Rxd4 Bc6 17.Rxd8+ Rxd8 18.Bxc6 bxc6 19.Na4 Rc8 20.Be3 Nd5 21.Bd4 f6 22.e4 Nb4
23.a3 e5 24.Be3 Na6 25.Bxa7 Kf7 26.Be3 Ke8 27.Kf1 Nb8 28.Nb6 Rc7 29.Ke2 Nd7
30.Nxd7 Kxd7 31.b4 Rc8 32.Kd3 Ra8 33.Rc3 g6 34.Kc4 f5 35.f3 h5 36.Kb3 h4
37.g4 h3 38.Bf2 Bg5 39.Bg3 Bf4 40.Bxf4 exf4 41.exf5 gxf5 42.a4 Rf8 43.g5 Rg8
44.Rc4 Rxg5 45.Rxf4 Rg2 46.Rxf5 Rxh2 47.Rh5 Rh1 48.a5 h2 49.Kb2 Kc7 50.Rh7+ Kb8
51.f4 Rf1 52.Rxh2 Rxf4 53.Ka3 Rf7 54.Rh5 Rg7 55.Kb3 Kb7 56.Kc4 Rf7 57.Kc5 Rg7
58.Re5 Kc7 59.a6 Rh7 60.a7 Kb7 61.a8=Q+ Kxa8 62.Kxc6 Rh6+ 63.Kc7 Rh7+ 64.Kc6 Rh6+
65.Kc5 Kb7 66.Re7+ Kb8 67.b5 Kc8 68.Rg7 Kb8 69.b6 Rh1  1/2-1/2

[Event "AUT-chT 9899"]
[Site "AUT"]
[Date "1998.??.??"]
[Round "?"]
[White "Schlosser, Philipp"]
[Black "Horvath, Csaba"]
[Result "1/2-1/2"]
[WhiteElo "2515"]
[BlackElo "2535"]

1.c4 e6 2.g3 Nf6 3.Bg2 d5 4.Nf3 Be7 5.d4 O-O 6.Qc2 c5 7.O-O cxd4 8.Nxd4 Qb6
9.Rd1 Na6 10.cxd5 Nb4 11.Qb3 Bc5 12.e3 Nbxd5 13.Na3 Bd7 14.Nc4  1/2-1/2

[Event "Bayern-ch Bank Hofmann 2nd"]
[Site "Bad Wiesse"]
[Date "1998.??.??"]
[Round "6"]
[White "Kachiani Gersinska, Ketino"]
[Black "Braun, P."]
[Result "1-0"]
[WhiteElo "2420"]
[BlackElo "2215"]

1.d4 Nf6 2.c4 e6 3.g3 d5 4.Nf3 Be7 5.Bg2 O-O 6.O-O dxc4 7.Qc2 a6 8.a4 Bd7
9.Qxc4 Bc6 10.Bg5 a5 11.Nc3 Bd5 12.Qd3 Nc6 13.e4 Nb4 14.Qe2 Bc6 15.Rfd1 Re8
16.Ne5 Qc8 17.Rac1 Nd7 18.Bxe7 Rxe7 19.Nxc6 Nxc6 20.d5 Nb4 21.d6 cxd6 22.Nd5 exd5
23.Rxc8+ Rxc8 24.Qb5 b6 25.exd5 Rc2 26.b3 g6 27.Bh3 Rc5 28.Qf1 Nf6 29.Bg2 Rc2
30.Rc1 Rd2 31.Qb5 Nd3 32.Rf1 Ng4 33.Qxb6 Ree2 34.Bf3 Rxf2 35.Rxf2 Ngxf2 36.Bg2 Rd1+
37.Bf1 Ng4 38.Qd8+ Kg7 39.Qxa5 Kh6 40.Qc3 Nge5 41.Kg2 Nc5 42.a5 Kg7 43.a6 Ne4
44.Qe3 Nf6 45.Be2 Nxd5 46.Qxe5+ dxe5 47.Bxd1 f5 48.b4 Nb6 49.a7 Kf6 50.Bb3 e4
51.Bd5 Ke5 52.a8=Q Nxa8 53.Bxa8 Kd4 54.b5  1-0

[Event "Bayern-ch Bank Hofmann 2nd"]
[Site "Bad Wiesse"]
[Date "1998.??.??"]
[Round "8"]
[White "Hoffmann, M."]
[Black "Braun, P."]
[Result "1/2-1/2"]
[WhiteElo "2440"]
[BlackElo "2215"]

1.d4 Nf6 2.c4 e6 3.g3 d5 4.Bg2 Be7 5.Nf3 O-O 6.O-O dxc4 7.Qc2 a6 8.Qxc4 b5
9.Qc2 Bb7 10.Bf4 Bd6 11.Nbd2 Nbd7 12.Bg5 Rc8 13.Nb3 c5 14.Bxf6 Qxf6 15.Ne5 cxd4
16.Nxd7  1/2-1/2

[Event "Bad Wildungen op"]
[Site "Bad Wildungen"]
[Date "1998.??.??"]
[Round "6"]
[White "Domanski, Markus"]
[Black "Blum, Ralf"]
[Result "1-0"]
[WhiteElo "2135"]
[BlackElo "2075"]

1.d4 e6 2.c4 d5 3.Nf3 Nf6 4.g3 Be7 5.Bg2 O-O 6.O-O c6 7.Qc2 Nbd7 8.b3 Ne4
9.Rd1 f5 10.Ba3 Bxa3 11.Nxa3 Qe7 12.Qb2 a5 13.Rac1 g5 14.Nb1 Ndf6 15.Ne5 Bd7
16.f3 Nd6 17.Qd2 Qg7 18.Nc3 Be8 19.Na4 Nd7 20.Nxd7 Bxd7 21.Nb6 Rad8 22.Qxa5 f4
23.Bh3 fxg3 24.hxg3 g4 25.Bxg4 Nf5 26.Bxf5 Qxg3+ 27.Kf1 Rxf5 28.Qe1 Qh3+
29.Kf2 Qh2+ 30.Ke3 Qf4+ 31.Kd3 dxc4+ 32.Nxc4 Be8 33.Kc3 Bg6 34.Qd2 Qc7 35.Qe3 Re8
36.Kb2 c5 37.Ne5 b6 38.Nxg6 hxg6 39.dxc5 Qg7+ 40.Kb1 bxc5 41.Rxc5 Qa7 42.Rdc1 Qd7
43.Rc7  1-0

[Event "Bagneux"]
[Site "Bagneux"]
[Date "1998.??.??"]
[Round "5"]
[White "Sellos, Didier"]
[Black "Fiol, Fabrice"]
[Result "0-1"]
[WhiteElo "2405"]
[BlackElo "2260"]

1.d4 Nf6 2.c4 e6 3.g3 d5 4.Bg2 Be7 5.Nf3 O-O 6.Qc2 dxc4 7.Qxc4 a6 8.Bf4 Nd5
9.Bd2 b5 10.Qc1 Bb7 11.O-O Nd7 12.Ba5 N5b6 13.Nbd2 Rc8 14.Qc2 Ba8 15.Rac1 c5
16.dxc5 Rxc5 17.Qb1 Qb8 18.Rxc5 Nxc5 19.Rc1 Nd5 20.e4 Nf6 21.e5 Nd5 22.a3 h6
23.Ne4 Nb3 24.Bd2 Nxc1 25.Qxc1 Rc8 26.Qe1 Qc7 27.h4 Qc2 28.Nd6 Bxd6 29.exd6 Rd8
30.Ba5 Rxd6 31.Qe5 Qd1+ 32.Kh2 Nb6 33.Bc3 f6 34.Qf4 Nc4 35.b3 Qxb3 36.Bb4 Rd8
37.Be7 Bxf3 38.Bxf3 Rd7 39.Bc5 Ne5 40.Bh5 Qc4 41.Be3 Qxf4  0-1

[Event "Regionalliga NW9798"]
[Site "Bayern"]
[Date "1998.??.??"]
[Round "?"]
[White "Stickler, Roberto"]
[Black "Simandl, Karel"]
[Result "1/2-1/2"]
[WhiteElo "1995"]
[BlackElo "2190"]

1.d4 Nf6 2.Nf3 d5 3.c4 e6 4.g3 Be7 5.Bg2 O-O 6.O-O Nbd7 7.b3 b6 8.Bb2 Bb7
9.Nbd2 dxc4 10.Nxc4 c5 11.Nce5 Nxe5 12.Nxe5 Bxg2 13.Kxg2 Qd5+ 14.Nf3 Rfd8  1/2-1/2

[Event "Landesliga Nord 9899"]
[Site "Bayern"]
[Date "1998.??.??"]
[Round "?"]
[White "Ziegler, Michael"]
[Black "Kreuzer, Helmut"]
[Result "1/2-1/2"]
[WhiteElo "1990"]
[BlackElo "2115"]

1.Nf3 d5 2.d4 Nf6 3.c4 e6 4.g3 Be7 5.Bg2 O-O 6.O-O Nbd7 7.b3 c6 8.Nc3 b6
9.Bb2 Ba6 10.cxd5 cxd5 11.Rc1 Rc8 12.Rc2 Bd6 13.Qd2 Qe7 14.Rfc1 Rfd8 15.h3 Rc7
16.Ne1 Rdc8 17.Nd3 h6 18.Bf3 Nh7 19.Nb1 Ng5 20.Rxc7 Nxf3+ 21.exf3 Rxc7 22.Rxc7 Bxc7
23.Nb4 Bb7 24.Nd3 Nb8 25.Nc3 Nc6 26.Qe3 Qf6 27.Ne2 Qf5 28.Kg2 Ba6 29.Nec1 Bd6
30.Qd2 Bb7 31.Qe3 Nb4 32.Nxb4 Bxb4 33.Qd3 Qf6 34.Qc2 Bd6 35.Qd3 Qe7 36.Ne2 f6
37.Kh2 e5 38.dxe5 fxe5 39.Ng1 Qe6 40.Ne2 Qf7 41.Kg1 Kh8 42.Nc3 Bc5 43.Ne2 d4
44.Kg2 Qe6 45.Kh2 Bd5 46.h4 a5 47.Ng1 e4 48.Qd2 e3 49.fxe3 dxe3 50.Qc3 Qe7
51.Qd3 Qf7 52.Bc1 Qe6 53.Kg2 a4 54.Ne2 axb3 55.axb3 Bxb3 56.Nf4 e2 57.Qxe2 Qxe2+
58.Nxe2 Bc4 59.Kf1 h5 60.Ke1 Bd5 61.g4 Bxf3 62.gxh5 Bxh5 63.Nf4 Bf7 64.Bb2 Bd6
65.Ng2 Bg3+ 66.Ke2 Bh5+ 67.Ke3 Bg4 68.Ke4 Kh7 69.Ne3 Bh3 70.Nc4 b5 71.Na3 Bg2+
72.Kd4 b4 73.Nc2 b3 74.Na1 Bxh4 75.Kc4 Bh3 76.Kxb3 Be6+ 77.Kc2 Bf6 78.Bxf6 gxf6
79.Kd2 Kg6 80.Ke3 Bd7 81.Nc2 Kg5 82.Nd4 Bg4 83.Kf2 Kf4 84.Nc2 Be6 85.Nd4 Bc4
86.Nc2 Bb5 87.Nd4 Bd3 88.Ne6+ Ke5 89.Ke3 Kxe6 90.Kxd3 Kf5 91.Ke3 Kg4 92.Kf2 Kf4
93.Ke2 Kg3 94.Kf1 Kf3 95.Ke1 Kg2 96.Ke2 f5 97.Ke3 Kg3 98.Ke2 f4 99.Kf1 f3
100.Kg1  1/2-1/2

[Event "Regionalliga NO9798"]
[Site "Bayern"]
[Date "1998.??.??"]
[Round "?"]
[White "Susanu, Marius"]
[Black "Gazmaga, Stefan"]
[Result "1/2-1/2"]
[WhiteElo "2030"]
[BlackElo "2135"]

1.d4 Nf6 2.Nf3 e6 3.g3 d5 4.Bg2 Be7 5.c4 O-O 6.O-O b6 7.Nc3 Bb7 8.cxd5 exd5
9.Bg5 c6 10.Rc1 Nbd7 11.Re1 Re8 12.a3 Ne4 13.Bxe7 Qxe7 14.Nd2 Ndf6 15.Ndxe4 dxe4
16.e3 h5 17.h3 Qe6 18.Ne2 Nd5 19.Nc3 Nf6 20.Ne2 Rad8 21.Nf4 Qf5 22.Qa4 Ra8
23.Qc4 g5 24.Ne2 Re6 25.b4 a5 26.Nc3 Ba6 27.Qb3 Bd3 28.bxa5 Rxa5 29.Qxb6 Rxa3
30.Qb4 Ra8 31.Ra1 Rae8 32.Ra5 Nd5 33.Nxd5 cxd5 34.Rea1 Rf6 35.Qb2 Kg7 36.R1a2 Rc8
37.Rc5 Rd8 38.Qb7 Bc4 39.Rb2 Rf8 40.Rc6 Rxc6 41.Qxc6 Rd8 42.Rb6 Qe6 43.Qxe6 fxe6
44.Bf1 Bxf1 45.Kxf1 Kf6 46.Rb7 Rh8 47.Ke2 h4 48.g4 Rc8 49.Kf1 Rd8 50.Ra7 Rd6
51.Ra8 Rb6  1/2-1/2

[Event "Beersheba-St Petersburg"]
[Site "Beersheba"]
[Date "1998.??.??"]
[Round "7"]
[White "Mikhalevski, Victor"]
[Black "Lugovoi, Aleksei"]
[Result "1/2-1/2"]
[WhiteElo "2545"]
[BlackElo "2540"]

1.d4 Nf6 2.c4 e6 3.g3 d5 4.Bg2 Be7 5.Nf3 O-O 6.Qc2 c6 7.O-O b6 8.b3 Bb7 9.Rd1 Na6
10.Nc3 Qc8 11.e4 Nb4 12.Qe2 dxe4 13.Ne5 c5 14.Nxe4 cxd4 15.Rxd4 Nc6 16.Nxc6 Bxc6
17.Bg5 Bxe4 18.Bxe4 Qc5 19.Bxa8 Qxd4 20.Rd1 Qc5 21.Be3 Qe5 22.Qf3 Bc5 23.Bf4 Qf5
24.Kg2 e5 25.Be3 Qxf3+ 26.Bxf3 Bxe3 27.fxe3 Rc8 28.g4 h6 29.h4 g5 30.Rd6 Kg7
31.Kg3 Rc7 32.hxg5 hxg5 33.Bc6 Rc8 34.Bb7 Rb8 35.Bc6 Rh8 36.Rd1 Rc8 37.Rd6 Rh8
38.Rd1 Rc8 39.Bg2 Rh8 40.Rf1 Kg6 41.Rd1 Kg7 42.Bf3 Rc8 43.Rd6 Rc7 44.Bc6 Rc8
45.Bd5 Rh8 46.Rc6 Rh4 47.Bf3 e4 48.Be2 Rh1 49.c5 Rc1 50.Bc4 Rc3 51.Rc7 Rxe3+
52.Kg2 bxc5 53.Bxf7 Re2+ 54.Kg3 Re3+ 55.Kg2 Re2+ 56.Kg3 Re3+ 57.Kg2 Re2+  1/2-1/2

[Event "Berliner Sommer 16th"]
[Site "Berlin"]
[Date "1998.??.??"]
[Round "3"]
[White "Levin, Felix"]
[Black "Kunze, Carlo"]
[Result "1-0"]
[WhiteElo "2480"]
[BlackElo "2355"]

1.d4 d5 2.c4 e6 3.Nf3 Nf6 4.g3 Be7 5.Bg2 O-O 6.Qc2 b6 7.O-O Bb7 8.cxd5 exd5
9.Nc3 Nbd7 10.Rd1 Re8 11.Bf4 a6 12.a3 c5 13.dxc5 bxc5 14.Nh4 Nb6 15.Nf5 Bf8
16.a4 g6 17.Ne3 Qe7 18.Bg5 Qe5 19.Bxf6 Qxf6 20.a5 Rxe3 21.axb6 Re5 22.Nxd5 Bxd5
23.Bxd5 Rae8 24.Bc4 Qxb6 25.Rxa6 Qc7 26.b3 Bg7 27.Rad6 R5e7 28.e3 Ra8 29.Qd3 Be5
30.Rd7 Rxd7 31.Qxd7 Qxd7 32.Rxd7 Rf8 33.Bd5  1-0

[Event "Biel"]
[Site "Biel"]
[Date "1998.??.??"]
[Round "7"]
[White "Zueger, Beat"]
[Black "Bagirov, Rufat"]
[Result "1/2-1/2"]
[WhiteElo "2445"]
[BlackElo "2325"]

1.c4 e6 2.Nf3 d5 3.d4 Nf6 4.g3 Be7 5.Bg2 O-O 6.O-O dxc4 7.Qc2 a6 8.a4 Bd7
9.Qxc4 Bc6 10.Bg5 a5 11.Nc3 Na6 12.Bxf6 Bxf6 13.e4 Nb4 14.Rfd1 b6 15.Rd2 Bb7
16.Rad1 Ba6 17.Qb3 Qc8 18.d5 exd5 19.Nxd5 Nxd5 20.exd5 Be7 21.d6 Bxd6 22.Ng5 Rb8
23.Qc2 g6 24.Ne4 Qe6  1/2-1/2

[Event "Bled op"]
[Site "Bled"]
[Date "1998.??.??"]
[Round "6"]
[White "Starc, Christian"]
[Black "Drei, Andrea"]
[Result "0-1"]
[WhiteElo "2170"]
[BlackElo "2320"]

1.d4 Nf6 2.c4 e6 3.g3 d5 4.Nf3 Be7 5.Bg2 c6 6.O-O O-O 7.Nc3 Nbd7 8.Qc2 b6
9.e4 Bb7 10.cxd5 cxd5 11.e5 Ne8 12.h4 h6 13.Bh3 Rc8 14.Be3 b5 15.a3 Nb6 16.Qe2 Nc7
17.Rac1 Ba6 18.b4 Nc4 19.Qa2 Bb7 20.Ne1 a5 21.Nd3 Ra8 22.Nc5 Bxc5 23.bxc5 b4
24.Nb1 Ba6 25.Rfe1 Rb8 26.axb4 axb4 27.Nd2 Nxd2 28.Bxd2 b3 29.Qb2 Bd3 30.Bf1 Bc2
31.Ba5 f5 32.Be2 Ra8 33.Ra1 Qd7 34.Bd1 Qb5 35.Be2 Qc6 36.Rec1 f4 37.Bd1 fxg3
38.fxg3 Qb5 39.Bxc2 bxc2 40.Qxb5 Nxb5 41.Rxc2 Nxd4 42.Rb2 Nf3+ 43.Kg2 Nxe5
44.Re2 Nc6 45.Bc3 d4  0-1

[Event "Bled op"]
[Site "Bled"]
[Date "1998.??.??"]
[Round "8"]
[White "Loncar, Robert"]
[Black "Zorman, Vojko"]
[Result "1-0"]
[WhiteElo "2405"]
[BlackElo "2305"]

1.Nf3 Nf6 2.c4 e6 3.g3 d5 4.Bg2 Be7 5.d4 c6 6.O-O O-O 7.Qc2 Nbd7 8.Rd1 Ne4
9.Nbd2 f5 10.Ne1 Bd6 11.Nd3 Qf6 12.Nf3 h6 13.Bf4 Bxf4 14.Nxf4 g5 15.Nd3 f4
16.Rf1 Nd6 17.Nde5 Qf5 18.Qb3 Nxe5 19.Nxe5 Nf7 20.gxf4 gxf4 21.Nxf7 Rxf7
22.Kh1 Qf6 23.Rg1 Kh8 24.Qd3 Bd7 25.Bf3 Rg8 26.Rxg8+ Kxg8 27.Rg1+ Rg7 28.Rxg7+ Kxg7
29.Qb3 b5 30.Qa3 bxc4 31.Qxa7 Qf7 32.a4 Bc8 33.Qb8 Qb7 34.Qe5+ Kg8 35.Qf6 Bd7
36.Bh5 Bc8 37.Qg6+ Kf8 38.Qxh6+ Ke7 39.Qg7+ Kd8 40.Qf8+ Kc7 41.Qxf4+ Kb6
42.Qd6 Ka5 43.Qc5+ Kxa4 44.e3 Bd7 45.Bd1+  1-0

[Event "Bodensee Cup 4th"]
[Site "Bodensee"]
[Date "1998.??.??"]
[Round "3"]
[White "Bromberger, Stefan"]
[Black "Duppel, Matthias"]
[Result "1-0"]
[WhiteElo "2300"]
[BlackElo "2265"]

1.d4 Nf6 2.c4 e6 3.g3 d5 4.Bg2 Be7 5.Nf3 O-O 6.O-O Nbd7 7.b3 c6 8.Nc3 b6
9.Bb2 Bb7 10.Qd3 c5 11.cxd5 Nxd5 12.Nxd5 Bxd5 13.e4 Bb7 14.Rad1 Qc8 15.Rfe1 Bf6
16.Ba3 Re8 17.Rc1 a5 18.Qd2 Be7 19.d5 exd5 20.exd5 Bf6 21.Rxe8+ Qxe8 22.Re1 Qf8
23.d6 Rd8 24.Qf4 Re8 25.Rd1 Re4 26.Qf5 Bc6 27.Ng5 g6 28.Qh3 Bxg5 29.Bxe4 Bxe4
30.Qxd7 Qa8 31.Re1 Bf6 32.Bc1 Kg7 33.Qh3 h5 34.d7 Qd5 35.Bb2 Bxb2 36.Rxe4 Qd1+
37.Kg2 Bf6 38.g4 Qd5 39.Qf3 hxg4 40.Rxg4 Qxd7 41.h4 Bd4 42.h5 Qe6 43.a4 Bf6
44.hxg6 fxg6 45.Qb7+ Kh6 46.Qe4 Qxe4+ 47.Rxe4 Kg5 48.Re6 c4 49.Rxb6 cxb3
50.Rxb3 Bd8 51.Rd3 Bc7 52.Rd7 Bb6 53.Rd5+ Kh6 54.Kf3 Kg7 55.Rb5 Bd8 56.Ke4  1-0

[Event "Brasilia op"]
[Site "Brasilia"]
[Date "1998.??.??"]
[Round "6"]
[White "Sega, Carlos Alberto"]
[Black "Van Riemsdijk, Herman C"]
[Result "0-1"]
[WhiteElo "2280"]
[BlackElo "2375"]

1.d4 Nf6 2.c4 e6 3.Nf3 d5 4.g3 Be7 5.Bg2 O-O 6.O-O dxc4 7.Qc2 a6 8.a4 Bd7
9.Bg5 Bc6 10.Qxc4 a5 11.Nc3 Bxf3 12.Bxf3 c6 13.Qb3 Na6 14.Rfd1 Nd5 15.Bxe7 Qxe7
16.e4 Ndb4 17.d5 Rad8 18.dxc6 Nxc6 19.Nb5 Nc5 20.Qa3 Nb4 21.Rac1 b6 22.Bg2 Qf6
23.f4 e5 24.Nc7 Nbd3 25.Nd5 Rxd5 26.exd5 Nxc1 27.Rxc1 exf4 28.Rd1 fxg3 29.hxg3 Qd6
30.Qc3 Rd8 31.b3 Na6 32.Kh2 h5 33.Qc4 Nb4 34.Qh4 g6 35.Rf1 Kg7 36.Qd4+ f6
37.Kh1 Re8 38.Qc3 Re5 39.Rd1 Rg5  0-1

[Event "Cupa Dinamo"]
[Site "Brasov"]
[Date "1998.??.??"]
[Round "3"]
[White "Vadasz, Laszlo"]
[Black "Zlatic, Mihajlo"]
[Result "1/2-1/2"]
[WhiteElo "2380"]
[BlackElo "2375"]

1.Nf3 d5 2.d4 Nf6 3.c4 e6 4.g3 Be7 5.Bg2 O-O 6.O-O c6 7.Qc2 Nbd7 8.b3 Ne4
9.Nfd2 f5 10.Nxe4 fxe4 11.Nc3 Nf6 12.Bf4 Bd6 13.Bxd6 Qxd6 14.Rad1 e5 15.cxd5 cxd5
16.Nb5 Qe7 17.Rc1 Bd7 18.Qc7 Rac8 19.Qxe5 Qxe5 20.dxe5 Bxb5 21.exf6 Bxe2
22.Bh3 Rxc1 23.Be6+ Kh8 24.Rxc1 d4 25.f7 g6 26.Rc7 d3 27.Rd7 Kg7 28.a4 Rc8
29.Bc4 g5 30.h4 g4 31.h5 b6 32.Rd6 a6 33.h6+ Kf8 34.Be6 Rb8 35.Rd7 Rc8 36.Rd6 Rb8
37.Rd7 Rc8 38.Rd6 Rb8 39.Rd7  1/2-1/2

[Event "Slovan op"]
[Site "Bratislava"]
[Date "1998.??.??"]
[Round "7"]
[White "Chetverik, Maxim"]
[Black "Hacik, Radomir"]
[Result "1-0"]
[WhiteElo "2300"]
[BlackElo "2210"]

1.d4 d5 2.c4 e6 3.Nf3 Be7 4.g3 Nf6 5.Bg2 O-O 6.O-O Nbd7 7.Nc3 dxc4 8.e4 c6
9.a4 b6 10.Qc2 Bb7 11.Rd1 Qc8 12.Bg5 h6 13.e5 hxg5 14.Nxg5 g6 15.exf6 Nxf6
16.h4 Rb8 17.Qe2 b5 18.Bh3 Qe8 19.axb5 cxb5 20.Rxa7 Qc6 21.d5 Nxd5 22.Rxd5 Bxg5
23.Rxb7 exd5 24.Rxb8 Rxb8 25.hxg5 b4 26.Qe5 Rd8 27.Nd1 d4 28.Bg2 Qa4 29.Bf3 c3
30.Qf6 Re8 31.Bd5 Re1+ 32.Kh2 Qa7 33.Qxg6+ Kf8 34.Qh6+ Ke7 35.Qf6+ Ke8 36.g6 fxg6
37.Bc6+ Qd7 38.Bxd7+ Kxd7 39.Qxd4+  1-0

[Event "Bratto op"]
[Site "Bratto"]
[Date "1998.??.??"]
[Round "?"]
[White "Gurevich, Dmitry"]
[Black "Ferretti, Folco"]
[Result "1-0"]
[WhiteElo "2540"]
[BlackElo "2270"]

1.d4 Nf6 2.c4 e6 3.g3 d5 4.Bg2 Be7 5.Nf3 O-O 6.Qc2 Nbd7 7.O-O c6 8.b3 b6
9.Rd1 Bb7 10.Nc3 Rc8 11.e4 dxe4 12.Ne5 Qc7 13.Nxe4 Nxe4 14.Qxe4 Nxe5 15.dxe5 Rfd8
16.Bf4 Ba8 17.Qe2 c5 18.Bxa8 Rxa8 19.Qe4 Rac8 20.h4 Rd7 21.a4 Rcd8 22.Rxd7 Qxd7
23.a5 b5 24.a6 bxc4 25.bxc4 Qd4 26.Qxd4 cxd4 27.Rb1 Bc5 28.Kf1 Bb6 29.Ke2 d3+
30.Kf3 Rc8 31.Be3 Bc7 32.Bxa7 Bxe5 33.Ke4 f6 34.Kxd3 Rd8+ 35.Ke2 Rc8 36.c5  1-0

[Event "Bucharest Fest IM (Women)"]
[Site "Bucharest"]
[Date "1998.??.??"]
[Round "?"]
[White "Grigorieva, Angela"]
[Black "Baciu Ionescu, Otilia"]
[Result "1/2-1/2"]
[WhiteElo "2155"]
[BlackElo "2185"]

1.d4 Nf6 2.c4 e6 3.g3 d5 4.Bg2 Be7 5.Nf3 O-O 6.O-O dxc4 7.Qc2 a6 8.Qxc4 b5
9.Qc2 Bb7 10.Bf4 Bd6 11.Rd1 Nbd7 12.Nbd2 Bxf4 13.gxf4 c5 14.dxc5 Qc7 15.Nb3 Rac8
16.Ne5 Bxg2 17.Nxd7 Nxd7 18.Kxg2 Nxc5 19.Nxc5 Qxc5 20.Qxc5 Rxc5 21.Rac1 Rcc8
22.Kf3 g6 23.b3 a5 24.Ke3 Kg7 25.Kf3 h5 26.Ke3 Kf6 27.Ke4 b4 28.Ke3 Ke7  1/2-1/2

[Event "Bucharest Fest IM (Women)"]
[Site "Bucharest"]
[Date "1998.??.??"]
[Round "?"]
[White "Grigorieva, Angela"]
[Black "Zatonskih, Anna"]
[Result "0-1"]
[WhiteElo "2155"]
[BlackElo "2320"]

1.d4 Nf6 2.c4 e6 3.g3 d5 4.Bg2 Be7 5.Nf3 O-O 6.O-O dxc4 7.Qc2 a6 8.Qxc4 b5
9.Qc2 Bb7 10.Bf4 Bd6 11.Nbd2 Bxf4 12.gxf4 Nbd7 13.e3 Rc8 14.b4 Qe7 15.a3 Nd5
16.Rfc1 f6 17.Ne4 Qf7 18.Nc5 Nxc5 19.Qxc5 Qh5 20.Ne1 Kh8 21.Qc2 e5 22.Qd1 Qf7
23.Rc5 exf4 24.e4 Nb6 25.Rf5 Rcd8 26.Rxf4 Qd7 27.Nc2 f5 28.f3 Nc4  0-1

[Event "Primavara (Women)"]
[Site "Bucharest"]
[Date "1998.??.??"]
[Round "4"]
[White "Olarasu, Gabriela"]
[Black "Zatonskih, Anna"]
[Result "1/2-1/2"]
[WhiteElo "2270"]
[BlackElo "2340"]

1.d4 Nf6 2.c4 e6 3.g3 d5 4.Bg2 Be7 5.Nf3 O-O 6.O-O dxc4 7.Qc2 a6 8.Qxc4 b5
9.Qc2 Bb7 10.Bd2 Nc6 11.e3 Nb4 12.Bxb4 Bxb4 13.a3 Bd6 14.Nbd2 Qe7 15.Rac1 Rac8
16.Nb3 Be4 17.Qe2 c5 18.dxc5 Bxc5 19.Nxc5 Rxc5 20.b4 Rd5 21.Nd4 Bxg2  1/2-1/2

[Event "Primavara"]
[Site "Bucharest"]
[Date "1998.??.??"]
[Round "13"]
[White "Berezin, Oleg"]
[Black "Cioara, Andrei Nestor"]
[Result "1/2-1/2"]
[WhiteElo "2455"]
[BlackElo "2390"]

1.Nf3 Nf6 2.g3 e6 3.Bg2 d5 4.c4 Be7 5.d4 O-O 6.O-O dxc4 7.Qc2 a6 8.a4 Bd7
9.Qxc4 Bc6 10.Bg5 Nbd7 11.Nc3 Bd5 12.Nxd5 exd5 13.Qb3 Ra7 14.Ne5 c6 15.Nd3 a5
16.Qc2 h6 17.Bc1 Bd6 18.b3 Qe7 19.Bf4 Bxf4 20.Nxf4 Re8 21.e3 Qd6 22.Nd3 Ne4
23.Rab1 h5 24.f3 Nef6 25.Rfe1 Re7 26.Qc3 Nf8 27.b4 axb4 28.Qxb4 Qxb4 29.Rxb4 Ne6
30.Kf2 Rc7 31.Rc1 Ra5 32.Bh3 Ng5 33.Bf1 Ne6 34.Be2 Ne8 35.Ne5 Nd6 36.Rcb1 Re7
37.Bd3 g6 38.f4 Ng7 39.h3 Ngf5 40.g4 hxg4 41.hxg4 Nh6 42.Rh1 Kg7 43.Kf3 Ne4
44.g5 Nf5 45.Rh2 c5 46.dxc5 Nxg5+ 47.Kf2 Rxc5 48.Bxf5 gxf5 49.Rb2 f6 50.Nd3 Ne4+
51.Ke2 Ra5 52.Nb4 Nc3+ 53.Kf3 Rxa4 54.Rbg2+ Kf7 55.Rh7+ Ke6 56.Rxe7+ Kxe7
57.Rg7+ Kd8 58.Rxb7 Kc8 59.Rb6 Kc7 60.Rc6+ Kd7 61.Rb6 Kc7 62.Rc6+ Kd7  1/2-1/2

[Event "Budapest FS07 Elo"]
[Site "Budapest"]
[Date "1998.??.??"]
[Round "8"]
[White "Bock, Juergen"]
[Black "Zentai, Gabor"]
[Result "1/2-1/2"]
[WhiteElo "2210"]
[BlackElo "2120"]

1.d4 d5 2.c4 e6 3.Nf3 Nf6 4.g3 Be7 5.Bg2 O-O 6.O-O b6 7.Nc3 Bb7 8.cxd5 Nxd5
9.Nxd5 exd5 10.Be3 Nd7 11.Rc1 c6 12.Qa4 Bd6 13.Ne1 Re8 14.Nd3 Qe7 15.Rc2 Nf8
16.b4 a6 17.Qb3 Ne6 18.a4 b5 19.Bh3 Qf8 20.Bxe6 Rxe6 21.Qb2 Qd8 22.a5 f6
23.Bf4 Bf8 24.h4 Qd7 25.Qc3 Rae8 26.Re1 Qc8  1/2-1/2

[Event "Cappelle op"]
[Site "Cappelle la Grande"]
[Date "1998.??.??"]
[Round "7"]
[White "Rausis, Igors"]
[Black "Maric, Alisa"]
[Result "1-0"]
[WhiteElo "2520"]
[BlackElo "2480"]

1.d4 Nf6 2.c4 e6 3.g3 d5 4.Bg2 Be7 5.Nf3 O-O 6.O-O b6 7.Nc3 Bb7 8.cxd5 exd5
9.Qc2 Na6 10.Rd1 Qc8 11.Bf4 Rd8 12.Rac1 h6 13.Be5 Qd7 14.Ne1 Ng4 15.Nd3 Nxe5
16.Nxe5 Qe8 17.Qb3 c6 18.e4 dxe4 19.Bxe4 Bf6 20.f4 Bxe5 21.fxe5 Qe7 22.Bg2 Rab8
23.Qc4 c5 24.Bxb7 Qxb7 25.d5 b5 26.Qg4 c4 27.Ne4 Qb6+ 28.Kg2 Nc5 29.Nf6+ Kh8
30.Nh5 Qg6 31.Qxg6 fxg6 32.Nf4 g5 33.Ng6+ Kh7 34.Ne7 Nd3 35.Nc6 Nxc1 36.Rxc1 Rbc8
37.Nxd8 Rxd8 38.Rd1 Kg6 39.g4 Kf7 40.Kf3 Ke7 41.Ke4 Rc8 42.d6+ Ke6 43.d7 Rd8
44.Rd6+ Ke7 45.Kd5 Rxd7 46.Kc6 Rxd6+ 47.exd6+ Kd8 48.Kxb5 Kd7 49.Kc5  1-0

[Event "CZE-chT 9899"]
[Site "CZE"]
[Date "1998.??.??"]
[Round "1"]
[White "Hausner, Ivan"]
[Black "Modr, Bretislav"]
[Result "1-0"]
[WhiteElo "2415"]
[BlackElo "2325"]

1.d4 Nf6 2.c4 e6 3.g3 d5 4.Nf3 Be7 5.Bg2 O-O 6.Nc3 c6 7.O-O Nbd7 8.b3 b6
9.Bb2 Bb7 10.Qc2 Rc8 11.Rad1 Qc7 12.e4 Rfd8 13.e5 Ne8 14.Rfe1 Qb8 15.cxd5 cxd5
16.Bf1 a6 17.Bd3 Nf8 18.Qe2 b5 19.h4 Bc6 20.Nb1 a5 21.a3 Rd7 22.Bc1 Rb7 23.h5 Nd7
24.Ng5 h6 25.Nf3 Nb6 26.g4 a4 27.b4 Nc4 28.g5 hxg5 29.Nxg5 Nc7 30.Qg4 Kf8
31.Nxf7 Kxf7 32.Qg6+  1-0